000 00659nam a2200205 4500
003 SEM
005 20250606112415.0
008 250606s1982 ai ||||gr||||||01|||arm|d
040 _aSEM
_cSEM
041 _aarm
080 _a891.981-3/Հ-17
100 _aՀակոբյան, Միքայել
_d(1925-1983)
245 _aԿոմիսարը /
_cՄ. Հակոբյան ; Խմբ.՝ Ս. Հ. Ումառյան
260 _aԵրևան :
_b«Սովետական գրող»,
_c1982.
300 _a211 էջ ;
_c21 սմ
650 _aՀայ գրականություն
_xվիպակ
653 _aՍԷՄ
700 _aՈւմառյան, Ս. Հ.
_eխմբ.
_4edt.
942 _2udc
_cBK
999 _c76597
_d76597